00285nam a2200121Ia 4500008004100000082001700041100001700058245002500075250000800100260002800108300001000136650001700146150201s2008 xx 000 0 und d a616.01bG08S aSTANIER,R.Y. aGENERAL MICROBIOLOGY a5TH bMACMILLANaLONDANc2008 a1-689 aMICROBIOLOGY